| 000 | 004640000a22001810004500 | ||
|---|---|---|---|
| 003 | MACL | ||
| 005 | 20150728180919.0 | ||
| 008 | 150728b xxu||||| |||| 00| 0 eng d | ||
| 040 |
_aMACL _cMACL |
||
| 041 | _aEnglish | ||
| 082 | _a336 | ||
| 100 |
_aBhandari, Dr. Dharmendra _93026 |
||
| 245 |
_aNon-Resident Indians _bTaxes And Incentives |
||
| 260 |
_bUniversity Of Rajasthan _c1984 _aJaipur |
||
| 350 | _a50 | ||
| 650 |
_aEconomices _93027 |
||
| 942 |
_cBK _k336 _2ddc |
||
| 999 |
_c6290 _d6290 |
||